327th Star Corps - Statistics

General Stats
  • This quiz has been taken 6 times
  • The average score is 8 of 13
Answer Stats
Rank Name % Correct
Marshal Commander Bly
100%
Trooper Flash
100%
Lieutenant Galle
100%
Trooper Lucky
100%
General Aayla Secura
80%
Trooper Cameron
80%
Commander Deviss
60%
Lieutenant Inc
60%
Senior Commander A'den
40%
Lieutenant Barr
40%
Sergeant Green
20%
Major Twelve
0%
Captain Tyto
0%
No matching quizzes found
Score Distribution
Percent of People with Each Score
Percentile by Number Answered
Your Score History
You have not taken this quiz